[Event "UKR-chT 17th"]
[Site "Alushta"]
[Date "2010.05.16"]
[Round "6.6"]
[White "Ledakov, Alexandr"]
[Black "Chulivska, Vita"]
[Result "1/2-1/2"]
[WhiteElo "2196"]
[BlackElo "2265"]
[PlyCount "91"]
[EventDate "2010.05.13"]
[EventType "team-tourn"]
[EventRounds "11"]
[EventCountry "UKR"]
[SourceTitle "EXT 2019"]
[Source "ChessBase"]
[SourceDate "2018.10.10"]
[SourceVersion "1"]
[SourceVersionDate "2018.10.10"]
[SourceQuality "1"]
[WhiteTeam "Krim KRDY"]
[BlackTeam "Pavlograd Tura"]
[WhiteTeamCountry "UKR"]
[BlackTeamCountry "UKR"]

1. d4 Nf6 2. Nf3 c5 3. c3 e6 4. Bg5 d5 5. e3 h6 6. Bh4 Qb6 7. Bxf6 Qxb2 8. Nbd2 gxf6 9. c4 Nc6 10. cxd5 exd5 11. dxc5 Bxc5 12. Be2 Bf5 13. 0-0 Bc2 14. Qe1 0-0-0 15. Qc1 Ba3 16. Qxb2 Bxb2 17. Rae1 Rhe8 18. Nb3 Kb8 19. Bb5 Bxb3 20. axb3 Re4 21. Rb1 Be5 22. Rfd1 Rb4 23. Bf1 d4 24. Bc4 Rd7 25. exd4 Nxd4 26. Nxd4 Bxd4 27. Re1 b5 28. Re8+ Kc7 29. Be2 Be5 30. Bf3 Kb6 31. Rc8 Rd3 32. Rc6+ Ka5 33. Bd1 Rd2 34. Kf1 Re4 35. Bf3 Rh4 36. Ke1 Ra2 37. h3 Kb4 38. Bg4 Bd4 39. Kd1 Bxf2 40. Rc2 Rxc2 41. Kxc2 h5 42. Bf3 Bg3 43. Rd1 Rf4 44. Rd7 a5 45. Rd5 a4 46. Be2 1/2-1/2

[Event "UKR-chT 17th"]
[Site "Alushta"]
[Date "2010.05.15"]
[Round "4.1"]
[White "Chulivska, Vita"]
[Black "Sevostianov, Pavel"]
[Result "1-0"]
[WhiteElo "2265"]
[BlackElo "2245"]
[PlyCount "109"]
[EventDate "2010.05.13"]
[EventType "team-tourn"]
[EventRounds "11"]
[EventCountry "UKR"]
[SourceTitle "EXT 2019"]
[Source "ChessBase"]
[SourceDate "2018.10.10"]
[SourceVersion "1"]
[SourceVersionDate "2018.10.10"]
[SourceQuality "1"]
[WhiteTeam "Pavlograd Tura"]
[BlackTeam "Kerkinitida Eupatoria"]
[WhiteTeamCountry "UKR"]
[BlackTeamCountry "UKR"]

1. e4 Nc6 2. Nf3 d6 3. d4 Nf6 4. Nc3 g6 5. h3 Bg7 6. Be3 0-0 7. Qd2 e5 8. dxe5 Nxe5 9. Nxe5 dxe5 10. Bc4 Qe7 11. 0-0-0 Be6 12. Bxe6 Qxe6 13. f3 Rfc8 14. g4 Bf8 15. h4 c6 16. h5 Be7 17. hxg6 fxg6 18. Qh2 Rf8 19. Kb1 Rf7 20. Ne2 Kf8 21. Nc1 Ke8 22. Nd3 Nd7 23. Qg3 Bd6 24. Rh6 b6 25. Rdh1 Nf8 26. g5 Kd7 27. Nf2 Re8 28. Ng4 Kc7 29. Nf6 Ree7 30. R1h3 Qc4 31. Qe1 Bb4 32. Qh1 Qe2 33. Bc1 Ne6 34. c3 Bc5 35. Rxh7 Be3 36. Rxf7 Rxf7 37. Bxe3 Qd3+ 38. Ka1 Qxe3 39. f4 Qd2 40. fxe5 Qxg5 41. Rh7 Rxh7 42. Qxh7+ Kb8 43. a3 Nc5 44. Qe7 Qc1+ 45. Ka2 Qc2 46. Nd7+ Nxd7 47. Qd8+ Kb7 48. Qxd7+ Ka6 49. Qxc6 g5 50. e6 Qf2 51. Qc4+ b5 52. Qc6+ Ka5 53. Qd5 Qf6 54. e5 Qg6 55. Qd6 1-0

[Event "UKR-chT 17th"]
[Site "Alushta"]
[Date "2010.05.14"]
[Round "2.5"]
[White "Chulivska, Vita"]
[Black "Azarov, Sergei Nikolaevich"]
[Result "0-1"]
[WhiteElo "2265"]
[BlackElo "2609"]
[PlyCount "68"]
[EventDate "2010.05.13"]
[EventType "team-tourn"]
[EventRounds "11"]
[EventCountry "UKR"]
[SourceTitle "EXT 2019"]
[Source "ChessBase"]
[SourceDate "2018.10.10"]
[SourceVersion "1"]
[SourceVersionDate "2018.10.10"]
[SourceQuality "1"]
[WhiteTeam "Pavlograd Tura"]
[BlackTeam "Tschernihiw"]
[WhiteTeamCountry "UKR"]
[BlackTeamCountry "UKR"]

1. e4 c5 2. Nf3 d6 3. d4 cxd4 4. Nxd4 Nf6 5. Nc3 g6 6. f3 Bg7 7. Be3 0-0 8. Bc4 Nc6 9. Qd2 Nd7 10. 0-0-0 Nb6 11. Bb3 Na5 12. Bh6 Nbc4 13. Qg5 e5 14. Nde2 Bf6 15. Qg3 Bh4 16. Bxf8 Bxg3 17. hxg3 Qxf8 18. Nd5 Qd8 19. Rh2 Be6 20. Rdh1 h5 21. g4 Bxd5 22. exd5 Qg5+ 23. Kb1 Nd2+ 24. Ka1 Ndxb3+ 25. cxb3 Qe3 26. Nc3 Rc8 27. gxh5 Rxc3 28. bxc3 Qxc3+ 29. Kb1 Qd3+ 30. Ka1 g5 31. h6 Kh7 32. Rh5 Qd2 33. g3 Qd4+ 34. Kb1 Qd3+ 0-1

[Event "UKR-chT 17th"]
[Site "Alushta"]
[Date "2010.05.14"]
[Round "3.6"]
[White "Kusnetsov, Sergey"]
[Black "Chulivska, Vita"]
[Result "1-0"]
[WhiteElo "2347"]
[BlackElo "2265"]
[PlyCount "62"]
[EventDate "2010.05.13"]
[EventType "team-tourn"]
[EventRounds "11"]
[EventCountry "UKR"]
[SourceTitle "EXT 2019"]
[Source "ChessBase"]
[SourceDate "2018.10.10"]
[SourceVersion "1"]
[SourceVersionDate "2018.10.10"]
[SourceQuality "1"]
[WhiteTeam "Nikopol Nika-NZF"]
[BlackTeam "Pavlograd Tura"]
[WhiteTeamCountry "UKR"]
[BlackTeamCountry "UKR"]

1. Nf3 c5 2. c4 Nc6 3. g3 e5 4. Nc3 d6 5. Bg2 g6 6. a3 Bg7 7. Rb1 a5 8. d3 Nge7 9. 0-0 0-0 10. Bd2 h6 11. Nd5 Nxd5 12. cxd5 Ne7 13. Ne1 a4 14. Bc3 b5 15. Qd2 Qb6 16. Kh1 Bb7 17. e4 f5 18. f4 Rae8 19. Nf3 Nc8 20. Nh4 Ne7 21. Rbe1 fxe4 22. dxe4 exf4 23. gxf4 Bxc3 24. bxc3 Kh7 25. f5 g5 26. f6 Ng6 27. Nxg6 Kxg6 28. e5 dxe5 29. Qd3+ e4 30. Rxe4 Kf7 31. Re7+ Rxe7 1-0

[Event "UKR-chT 17th"]
[Site "Alushta"]
[Date "2010.05.13"]
[Round "1.5"]
[White "Chulivska, Vita"]
[Black "Luzhinsky, Vitaly"]
[Result "0-1"]
[WhiteElo "2265"]
[BlackElo "2372"]
[PlyCount "70"]
[EventDate "2010.05.13"]
[EventType "team-tourn"]
[EventRounds "11"]
[EventCountry "UKR"]
[SourceTitle "EXT 2019"]
[Source "ChessBase"]
[SourceDate "2018.10.10"]
[SourceVersion "1"]
[SourceVersionDate "2018.10.10"]
[SourceQuality "1"]
[WhiteTeam "Pavlograd Tura"]
[BlackTeam "Cherkasy Etiud"]
[WhiteTeamCountry "UKR"]
[BlackTeamCountry "UKR"]

1. e4 c5 2. Nf3 e6 3. d4 cxd4 4. Nxd4 a6 5. Bd3 Qc7 6. Nc3 Nf6 7. 0-0 b5 8. a3 Bc5 9. Nb3 Be7 10. f4 d6 11. e5 Nfd7 12. exd6 Qxd6 13. Qf3 Nc6 14. Bxb5 Bb7 15. Bd3 Qc7 16. Qh3 g6 17. Be3 Nf6 18. Rae1 Rd8 19. Nc5 Nd4 20. Nxa6 Bxa6 21. Bxd4 Bxd3 22. Qxd3 Rxd4 23. Nb5 Rxd3 24. Nxc7+ Kd7 25. cxd3 Kxc7 26. b4 Ra8 27. Ra1 Nd5 28. Rfc1+ Kb7 29. Rc4 Bf6 30. Ra2 Nc3 31. Rc2 Rxa3 32. g3 Nd5 33. Rc8 Bd4+ 34. Kh1 Bc3 35. R2xc3 Rxc3 0-1

[Event "Lvov Vasylyshyn Memorial (Women)"]
[Site "Lvov"]
[Date "2009.11.25"]
[Round "1"]
[White "Chulivska, Vita"]
[Black "Areshchenko, Kateryna"]
[Result "1-0"]
[WhiteElo "2290"]
[BlackElo "2229"]
[PlyCount "61"]
[EventDate "2009.11.25"]
[EventType "tourn"]
[EventRounds "9"]
[EventCountry "UKR"]
[SourceTitle "CBM 133 Extra"]
[Source "ChessBase"]
[SourceDate "2010.01.05"]
[SourceVersion "1"]
[SourceVersionDate "2010.01.05"]
[SourceQuality "1"]

1. e4 e5 2. Nf3 Nc6 3. Bb5 a6 4. Ba4 Nf6 5. 0-0 Be7 6. Re1 b5 7. Bb3 0-0 8. h3 Bb7 9. d3 d6 10. a4 Na5 11. Ba2 c5 12. Nc3 b4 13. Ne2 d5 14. exd5 Bxd5 15. Bxd5 Qxd5 16. Ng3 Bd6 17. Nf5 Rfe8 18. Qd2 Bf8 19. Qg5 Kh8 20. Nh6 Qe6 21. Rxe5 gxh6 22. Rxe6 hxg5 23. Rxf6 Re2 24. Rxf7 Rxc2 25. Bxg5 Kg8 26. Rd7 Rxb2 27. Re1 Ra2 28. Bf6 Bh6 29. Re4 Bc1 30. Rg4+ Kf8 31. Ne5 1-0

[Event "Lvov Kart Jubilee 80th 2nd"]
[Site "Lvov"]
[Date "2009.08.12"]
[Round "11"]
[White "Diulger, Alexey"]
[Black "Chulivska, Vita"]
[Result "1-0"]
[WhiteElo "2359"]
[BlackElo "2304"]
[PlyCount "63"]
[EventDate "2009.08.04"]
[EventType "tourn"]
[EventRounds "11"]
[EventCountry "UKR"]
[EventCategory "1"]
[SourceTitle "CBM 131 Extra"]
[Source "ChessBase"]
[SourceDate "2009.09.03"]
[SourceVersion "2"]
[SourceVersionDate "2009.09.16"]
[SourceQuality "1"]

1. d4 Nf6 2. Bf4 d5 3. e3 e6 4. c4 Be7 5. Nc3 0-0 6. Rc1 c6 7. h3 Nbd7 8. Nf3 Ne4 9. Bd3 f5 10. g4 Qa5 11. gxf5 exf5 12. cxd5 cxd5 13. Qb3 Nxc3 14. bxc3 Ba3 15. Rc2 Nb6 16. Rg1 Be6 17. Be5 g6 18. h4 Bd7 19. h5 Be8 20. hxg6 Bxg6 21. Nh4 Kf7 22. Bxf5 Rg8 23. Bxg6+ hxg6 24. Nf3 Be7 25. Bc7 Bf6 26. Ne5+ Bxe5 27. Bxe5 Rac8 28. Rh1 Qa6 29. Rh7+ Ke6 30. Qb4 Kf5 31. Rf7+ Kg4 32. f3+ 1-0

[Event "Lvov Kart Jubilee 80th 2nd"]
[Site "Lvov"]
[Date "2009.08.04"]
[Round "1"]
[White "Chulivska, Vita"]
[Black "Massoni, Michael"]
[Result "0-1"]
[WhiteElo "2304"]
[BlackElo "2291"]
[PlyCount "66"]
[EventDate "2009.08.04"]
[EventType "tourn"]
[EventRounds "11"]
[EventCountry "UKR"]
[EventCategory "1"]
[SourceTitle "CBM 131 Extra"]
[Source "ChessBase"]
[SourceDate "2009.09.03"]
[SourceVersion "2"]
[SourceVersionDate "2009.09.16"]
[SourceQuality "1"]

1. e4 c5 2. b4 cxb4 3. a3 d5 4. exd5 Qxd5 5. Bb2 e5 6. Nf3 Nc6 7. c4 Qe4+ 8. Be2 Nf6 9. 0-0 Bd6 10. Re1 0-0 11. axb4 Nxb4 12. Bf1 Qf4 13. Bxe5 Bxe5 14. Rxe5 Bg4 15. Rb5 Nc6 16. Be2 Rfe8 17. Nc3 Re7 18. c5 Rae8 19. Rb2 Nd4 20. Nxd4 Qxd4 21. Bf3 Ne4 22. Nxe4 Bxf3 23. gxf3 Qxb2 24. d4 f5 25. Rb1 Qa2 26. Nd6 Qxb1 27. Qxb1 Re1+ 28. Qxe1 Rxe1+ 29. Kg2 Rd1 30. Nxf5 a5 31. d5 a4 32. d6 a3 33. Ne3 a2 0-1